000
00325nam a2200133Ia 4500
008
231129s1983||||xx |||||||||||||| ||spa||
040
_b
spa
082
_a
616.042 B517g
100
_a
Bernal Villegas Jaime
245
0
_a
Genetica clinica simplificada
260
_c
1983
264
_a
Catalogo Cientifico
942
_2
ddc
_c
BKS
999
_c
14389
_d
14389